000 00714nam a2200181Ia 4500
008 090123s9999 xx 000 0 und d
082 _b27540
100 _aदेशपांडे शशिकांत
245 _aअत्र्यांची करुण गंभीर नाटके
250 _a1
260 _bप्रतिमा प्रकाशन
300 _a214
600 _aदेशपांडे शशिकांत
630 _aअत्र्यांची करुण गंभीर नाटके
700 _aदेशपांडे शशिकांत
730 _aअत्र्यांची करुण गंभीर नाटके
942 _cBOOK
999 _c65886
_d65886